| 000 | 00740cam a22002292 4500 | ||
|---|---|---|---|
| 001 | 0000000154 | ||
| 005 | 20151021151038.0 | ||
| 008 | 070111s xx 000 0 eng d | ||
| 020 |
_a8120329062 : _cKES 3,150 |
||
| 040 |
_aKABU _cKABU |
||
| 050 | 0 |
_aT58.6 _b.L38 2006 |
|
| 100 | 1 |
_aLaudon, Kenneth C. _@0000154968 |
|
| 245 | 1 | 0 |
_aManagement information systems : _bmanaging the digital firm / _cKenneth C. Laudon, Janet P. Laudon. |
| 250 | _a9th ed. | ||
| 260 |
_aNew Delhi : _bPrentice Hall, _c2006. |
||
| 300 | _axxx, 641 p. | ||
| 650 | 0 |
_aManagement information systems. _@0000148209 |
|
| 700 | 1 |
_aLaudon, Janet P. _@0000161195 |
|
| 908 | _a070111 | ||
| 950 | _@1 | ||
| 999 |
_c39 _d39 |
||